Capes externe 1991-1997, agrégation de physique 1991-1997 (Record no. 55845)

MARC details
000 -LEADER
fixed length control field 00565nam a22001937a 4500
007 - PHYSICAL DESCRIPTION FIXED FIELD--GENERAL INFORMATION
fixed length control field 00
008 - FIXED-LENGTH DATA ELEMENTS--GENERAL INFORMATION
fixed length control field 170214b xxu||||| |||| 00| 0 eng d
020 ## - INTERNATIONAL STANDARD BOOK NUMBER
International Standard Book Number 2-84291-030-3
040 ## - CATALOGING SOURCE
Original cataloging agency BUAC
Transcribing agency BUC
041 ## - LANGUAGE CODE
Language code of text/sound track or separate title Fre.
100 ## - MAIN ENTRY--PERSONAL NAME
Personal name MESPLEDE , Jacques
245 ## - TITLE STATEMENT
Title Capes externe 1991-1997, agrégation de physique 1991-1997
Statement of responsibility, etc / par Jacques Mesplède
260 ## - PUBLICATION, DISTRIBUTION, ETC. (IMPRINT)
Place of publication, distribution, etc Rosny :
Name of publisher, distributor, etc Bréal ,
Date of publication, distribution, etc 1997.
300 ## - PHYSICAL DESCRIPTION
Extent 352 p.
Dimensions 24 cm.
440 ## - SERIES STATEMENT/ADDED ENTRY--TITLE
Title (Problèmes de chimie avec solutions et annexes)
630 ## - SUBJECT ADDED ENTRY--UNIFORM TITLE
Uniform title SCIENCES EXACTES
650 ## - SUBJECT ADDED ENTRY--TOPICAL TERM
Topical term or geographic name as entry element CHIMIE GENERALE
942 ## - ADDED ENTRY ELEMENTS (KOHA)
Item type Libre Accès
Holdings
Withdrawn status Lost status Damaged status Not for loan Location (home branch) Sublocation or collection (holding branch) Shelving location Date acquired Source of acquisition Coded location qualifier Koha issues (times borrowed) Koha full call number Piece designation (barcode) Koha date last seen Copy number Price effective from Koha item type
        Bibliothèque Universitaire Centrale Bibliothèque Universitaire Centrale   28/10/2016 Don ABAR 16/1102   54 MES 16-1102Buc 14/02/2017 1 14/02/2017 Libre Accès


© 2008, Bibliothèques de l'Université d'Abomey-Calavi

04 BP 789 Cotonou, Tél. : +229 21 36 01 01, Fax : +229 21 35 06 32

Courriel : bu@bu.uac.bj